[Event "British Columbia-ch U20"]
[Site "Vancouver CAN"]
[Date "2018.11.12"]
[Round "5.6"]
[White "Labelle, Ambroise"]
[Black "Imoo, Joshua"]
[Result "1-0"]
[WhiteElo "1944"]
[BlackElo "1510"]
[PlyCount "59"]
[EventDate "2018.11.10"]
[EventType "swiss"]
[EventRounds "5"]
[EventCountry "CAN"]

1. e4 e5 2. Nf3 Nf6 3. d4 Nxe4 4. dxe5 d5 5. Nbd2 Nxd2 6. Bxd2 Bc5 7. c4 Bf5 8.
Qb3 b6 9. cxd5 O-O 10. Bc4 Nd7 11. O-O Bg6 12. e6 Nf6 13. Bg5 Kh8 14. Ne5 Bd6
15. f4 Bc5+ 16. Kh1 fxe6 17. Nxg6+ hxg6 18. dxe6 Qd4 19. Rad1 Qe3 20. Rd3 Qe4
21. Rfd1 Be7 22. Re3 Qb7 23. Bxf6 Rxf6 24. Rd7 Re8 25. Qd3 Rxf4 26. Rxe7 Ref8
27. Rf7 R4xf7 28. Rh3+ Kg8 29. exf7+ Rxf7 30. Qd8# 1-0

[Event "British Columbia-ch U20"]
[Site "Vancouver CAN"]
[Date "2018.11.12"]
[Round "5.7"]
[White "Zheng, Victor"]
[Black "Nasibi, Nima"]
[Result "1-0"]
[WhiteElo "1876"]
[BlackElo "1427"]
[PlyCount "127"]
[EventDate "2018.11.10"]
[EventType "swiss"]
[EventRounds "5"]
[EventCountry "CAN"]

1. Nf3 d5 2. g3 Nf6 3. Bg2 Nc6 4. O-O e6 5. d4 Be7 6. c4 dxc4 7. Qa4 Bd7 8.
Qxc4 a6 9. Ne5 Nxe5 10. dxe5 Bb5 11. Qc2 Nd5 12. Rd1 O-O 13. Nc3 Nb4 14. Qb3
Qb8 15. Nxb5 axb5 16. Rd7 Bc5 17. Be3 Bxe3 18. Qxb4 Bb6 19. Qxb5 Ra5 20. Qb4
Rxe5 21. e3 Bc5 22. Qxb7 Qxb7 23. Bxb7 Bd6 24. a4 Ra5 25. Bc6 Rb8 26. b4 Rxb4
27. Rd8+ Bf8 28. Rc8 Ra6 29. Rxc7 Rc4 30. Bb5 Rxc7 31. Bxa6 Ra7 32. Bb5 Bb4 33.
Rb1 Ba5 34. Bc6 g6 35. Rb8+ Kg7 36. Kf1 Bc3 37. Ke2 Kf6 38. Kd3 Be1 39. f3 Ra6
40. Bb5 Ra7 41. Rb6 Ba5 42. Rc6 Be1 43. Rc8 Kg7 44. Bc6 Ra6 45. Kc4 Ra5 46. Bb5
Bd2 47. e4 Be3 48. Rc6 Kf6 49. Kb4 Bd2+ 50. Kc5 Ke5 51. Kb6 f5 52. exf5 exf5
53. Rc2 Bb4 54. Rb2 Bc3 55. Rb3 Bd2 56. Rb2 Bc3 57. Rc2 Bb4 58. Rc7 h5 59. Rc6
g5 60. Rh6 g4 61. f4+ Ke4 62. Rxh5 Kf3 63. Rxf5 Ra8 64. Bc6+ 1-0

[Event "British Columbia-ch U20"]
[Site "Vancouver CAN"]
[Date "2018.11.12"]
[Round "5.8"]
[White "Xu, Andrew"]
[Black "Luu, Tran Nguyen Khoi"]
[Result "1/2-1/2"]
[WhiteElo "1516"]
[BlackElo "1459"]
[PlyCount "92"]
[EventDate "2018.11.10"]
[EventType "swiss"]
[EventRounds "5"]
[EventCountry "CAN"]

1. e4 c5 2. Nf3 g6 3. c4 Bg7 4. Nc3 Nc6 5. Be2 d6 6. d3 e5 7. O-O Bg4 8. h3
Bxf3 9. Bxf3 Nge7 10. a3 Nd4 11. Nd5 Nxd5 12. exd5 O-O 13. b4 Nxf3+ 14. gxf3 b6
15. Ra2 f5 16. f4 Qh4 17. Qf3 Rfe8 18. Qg3 Qxg3+ 19. fxg3 e4 20. dxe4 Rxe4 21.
Rc2 Rae8 22. Kg2 Kf7 23. bxc5 bxc5 24. Rf3 Re2+ 25. Rf2 Rxc2 26. Rxc2 Re4 27.
Kf3 h6 28. a4 Bf6 29. h4 Ke7 30. Re2 Rxe2 31. Kxe2 Kd7 32. Bd2 Bb2 33. Kd3 Kc7
34. Kc2 Bd4 35. Be1 Kd7 36. Kd3 Ke7 37. Ke2 Bb2 38. Bd2 Kd7 39. Kd3 Kc7 40. Kc2
Bd4 41. Be1 Kb6 42. Kb3 h5 43. Ka3 Be3 44. Kb3 Bc1 45. Kc2 Ba3 46. Kb3 Bc1
1/2-1/2

[Event "British Columbia-ch U20"]
[Site "Vancouver CAN"]
[Date "2018.11.12"]
[Round "5.9"]
[White "Su, Ethan"]
[Black "Wu, Nathan"]
[Result "1-0"]
[WhiteElo "1471"]
[BlackElo "1429"]
[PlyCount "117"]
[EventDate "2018.11.10"]
[EventType "swiss"]
[EventRounds "5"]
[EventCountry "CAN"]

1. e4 d5 2. exd5 Qxd5 3. Nc3 Qd6 4. d4 c6 5. Nf3 Bg4 6. Be2 Nd7 7. Be3 Ngf6 8.
O-O e6 9. h3 Bh5 10. Qd2 Qc7 11. Rad1 Bd6 12. a3 O-O 13. Ng5 Bxe2 14. Qxe2 Nb6
15. Nce4 Nxe4 16. Nxe4 Be7 17. c4 Rfd8 18. Qc2 Nd7 19. b4 Nf6 20. Nxf6+ Bxf6
21. Qe4 Rd7 22. Bf4 Qd8 23. Be5 Bxe5 24. Qxe5 Qe7 25. Rfe1 Qf6 26. Qc5 a6 27.
d5 Rad8 28. d6 Qf4 29. g3 Qf6 30. f4 h6 31. Qe5 Qg6 32. g4 Qc2 33. c5 Qb3 34.
Qe3 Qb2 35. Rd2 Qf6 36. Qe5 Qg6 37. f5 exf5 38. Qxf5 Qxf5 39. gxf5 b6 40. Rde2
Kf8 41. Re7 bxc5 42. bxc5 a5 43. a4 h5 44. h4 f6 45. Kf1 Kg8 46. Rxd7 Rxd7 47.
Re8+ Kf7 48. Rc8 g5 49. Rc7 Ke8 50. Rxc6 g4 51. Ra6 Rb7 52. Rb6 Ra7 53. c6 Ra8
54. Rb7 Ra6 55. d7+ Kd8 56. Rb8+ Kc7 57. d8=Q+ Kxc6 58. Rc8+ Kb7 59. Qc7# 1-0

[Event "British Columbia-ch U20"]
[Site "Vancouver CAN"]
[Date "2018.11.12"]
[Round "5.10"]
[White "Zhang, Andy"]
[Black "Yang, Henry"]
[Result "1-0"]
[WhiteElo "1438"]
[BlackElo "1462"]
[PlyCount "137"]
[EventDate "2018.11.10"]
[EventType "swiss"]
[EventRounds "5"]
[EventCountry "CAN"]

1. Nf3 Nf6 2. g3 d5 3. Bg2 c5 4. c4 e6 5. O-O Be7 6. cxd5 exd5 7. d4 cxd4 8.
Nxd4 O-O 9. Nc3 Nc6 10. Bg5 h6 11. Bf4 Qb6 12. Ndb5 Be6 13. Be3 Qd8 14. Nd4 Qd7
15. Qd2 Rfd8 16. Rfd1 Rac8 17. Rac1 Ng4 18. Bf4 Nxd4 19. h3 Nf6 20. Qxd4 Bc5
21. Qa4 Qxa4 22. Nxa4 Be7 23. Nc3 a6 24. Nxd5 Nxd5 25. Rxc8 Rxc8 26. Bxd5 Rd8
27. e4 g5 28. Be3 Bxh3 29. Rc1 Rd7 30. Bd4 Bd8 31. Bc3 Be6 32. Rd1 Kf8 33. Bd2
Ke7 34. Bb4+ Ke8 35. Bxe6 fxe6 36. Rxd7 Kxd7 37. g4 Bf6 38. b3 Bg7 39. Kf1 Kc6
40. Ke2 Kb5 41. a3 a5 42. Bd6 Kc6 43. Bb8 Bb2 44. a4 Kc5 45. Kd3 Kc6 46. f4
gxf4 47. Bxf4 Bg7 48. Kc4 e5 49. Be3 b6 50. Bd2 Bf8 51. Bc3 Bg7 52. b4 axb4 53.
Bxb4 Bf6 54. Bf8 Bg5 55. Bg7 Bf4 56. Kb4 Bd2+ 57. Kb3 Bf4 58. Kc4 Kd6 59. Kb5
Be3 60. Bf6 Bd4 61. Bd8 Kd7 62. Bxb6 Bc3 63. Be3 Kc7 64. Bxh6 Kb7 65. Bf8 Bd2
66. Be7 Be1 67. g5 Bh4 68. g6 Bxe7 69. g7 1-0

[Event "British Columbia-ch U20"]
[Site "Vancouver CAN"]
[Date "2018.11.12"]
[Round "5.11"]
[White "Trenton, Isaac"]
[Black "Madokoro, Aidan"]
[Result "1-0"]
[WhiteElo "1537"]
[BlackElo "1425"]
[PlyCount "113"]
[EventDate "2018.11.10"]
[EventType "swiss"]
[EventRounds "5"]
[EventCountry "CAN"]

1. d4 e6 2. c4 f5 3. Nc3 Nf6 4. Nf3 d5 5. Bf4 c6 6. e3 Be7 7. Be2 O-O 8. O-O h6
9. Ne5 g5 10. Bg3 Nbd7 11. Ng6 Rf7 12. h4 Rg7 13. h5 Nf8 14. Nxe7+ Qxe7 15. c5
Qf7 16. Be5 N8d7 17. Bxf6 Nxf6 18. g4 fxg4 19. Bxg4 Nxg4 20. Qxg4 e5 21. Qe2 e4
22. Kg2 g4 23. Rh1 Rg5 24. Rag1 Rxh5 25. Rxh5 Qxh5 26. Kf1 Be6 27. Ke1 Rf8 28.
Qf1 Kh7 29. Ne2 Qf5 30. Nf4 Rg8 31. Qg2 Qf6 32. Qh2 Bf5 33. Nh5 Qf7 34. Rh1 Qg6
35. Qc7+ Rg7 36. Nxg7 Qxg7 37. Qb8 a6 38. Qf4 Qg6 39. Kd2 h5 40. Qc7+ Kh6 41.
Qxb7 g3 42. fxg3 Qxg3 43. Qxc6+ Bg6 44. Re1 Qb8 45. Qb6 Qh2+ 46. Re2 Qg1 47. c6
Qb1 48. Qb3 Bf5 49. Re1 Qd3+ 50. Qxd3 exd3 51. c7 a5 52. Rf1 Be6 53. Rf6+ Kh7
54. Rxe6 a4 55. c8=Q a3 56. Qd7+ Kg8 57. Re8# 1-0

[Event "British Columbia-ch U20"]
[Site "Vancouver CAN"]
[Date "2018.11.12"]
[Round "5.12"]
[White "Wang, Daniel"]
[Black "Qiu, Peter Yong"]
[Result "1-0"]
[WhiteElo "1576"]
[BlackElo "1521"]
[PlyCount "64"]
[EventDate "2018.11.10"]
[EventType "swiss"]
[EventRounds "5"]
[EventCountry "CAN"]

1. e4 e5 2. Nf3 Nc6 3. d4 exd4 4. Nxd4 Bc5 5. Be3 Qh4 6. Nc3 d6 7. Bb5 Bd7 8.
O-O Nh6 9. Nf3 Qf6 10. Nd5 Qd8 11. Bg5 f6 12. Nxf6+ gxf6 13. Bxh6 Rg8 14. Qd5
Rg6 15. Bf4 Qe7 16. Bg3 O-O-O 17. c3 Rdg8 18. b4 Bb6 19. Nd4 Bxd4 20. Bxc6
Bxf2+ 21. Rxf2 Bxc6 22. Qf5+ Kb8 23. Re1 Re8 24. Rfe2 Rg5 25. Qf3 Bd7 26. Rf2
Rg6 27. Kh1 f5 28. e5 dxe5 29. Rxe5 Be6 30. Rfe2 Qd6 31. Rxe6 Qd1+ 32. Re1 Qxf3
1-0

[Event "British Columbia-ch w"]
[Site "Richmond CAN"]
[Date "2018.01.26"]
[Round "1.1"]
[White "Nyamdorj, Uranchimeg"]
[Black "Talyspaeva, Adel"]
[Result "0-1"]
[WhiteElo "1912"]
[BlackElo "1572"]
[PlyCount "131"]
[EventDate "2018.01.26"]
[EventType "tourn"]
[EventRounds "6"]
[EventCountry "CAN"]

1. e4 c5 2. Nf3 d6 3. Bb5+ Bd7 4. Bxd7+ Qxd7 5. d4 cxd4 6. Qxd4 Nc6 7. Qd3 Nf6
8. O-O e6 9. c4 Be7 10. Nc3 O-O 11. Rd1 Rfd8 12. h3 Rac8 13. b3 a6 14. Na4 Qc7
15. Bf4 Ne5 16. Qe2 Nxf3+ 17. Qxf3 b5 18. Nb2 Qb7 19. Re1 Rd7 20. Rad1 bxc4 21.
Nxc4 d5 22. exd5 Nxd5 23. Ne5 Bb4 24. Nxd7 Bxe1 25. Nf6+ gxf6 26. Rxe1 Kh8 27.
Bg3 Qb4 28. Re4 Qc3 29. Qh5 Qd3 30. Re1 Qg6 31. Qe2 Rc6 32. Bh4 Qc2 33. Qh5 Qg6
34. Qf3 Rc3 35. Qe4 Qxe4 36. Rxe4 Rc1+ 37. Kh2 Rc2 38. Ra4 Rc6 39. a3 Kg7 40.
Rg4+ Kf8 41. Rc4 Rb6 42. b4 f5 43. Bg5 f6 44. Bc1 e5 45. Kg3 Kf7 46. f3 Kg6 47.
Rc8 Kg7 48. Rc5 Ne7 49. Rc7 Kf7 50. Kf2 Rc6 51. Rxc6 Nxc6 52. Ke3 Ke6 53. Kd3
Kd5 54. Bh6 e4+ 55. fxe4+ fxe4+ 56. Ke3 Ne5 57. a4 f5 58. a5 Nd3 59. Ke2 Nxb4
60. Bd2 Nc6 61. Bc3 -- 62. g4 f4 63. h4 Ne5 64. g5 Nf3 65. Be1 Ke5 66. Bf2 0-1

[Event "British Columbia-ch w"]
[Site "Richmond CAN"]
[Date "2018.01.26"]
[Round "1.2"]
[White "Jiang, Kate"]
[Black "Van, Anna"]
[Result "0-1"]
[WhiteElo "1304"]
[BlackElo "1648"]
[PlyCount "154"]
[EventDate "2018.01.26"]
[EventType "tourn"]
[EventRounds "6"]
[EventCountry "CAN"]

1. e4 c5 2. c3 Nf6 3. e5 Nd5 4. d4 cxd4 5. cxd4 d6 6. Nf3 Nc6 7. Bc4 Nb6 8. Bb3
dxe5 9. Nxe5 Nxe5 10. dxe5 Qxd1+ 11. Bxd1 e6 12. Nc3 Bd7 13. Bb3 Rc8 14. Be3
Bc5 15. Bxc5 Rxc5 16. f4 Bc6 17. O-O Ke7 18. Rfd1 Rd8 19. Rxd8 Kxd8 20. Rd1+
Ke7 21. Ne2 Bd5 22. Bxd5 Nxd5 23. Rd2 Rc4 24. g3 Nb4 25. Nc3 Nc6 26. Kf2 a6 27.
Ke3 Nb4 28. Rd6 f6 29. Rb6 Rxc3+ 30. Kd4 Nd5 31. Rxb7+ Rc7 32. exf6+ gxf6 33.
Rxc7+ Nxc7 34. b4 Kd6 35. a4 Kc6 36. g4 h6 37. h4 Nd5 38. g5 fxg5 39. fxg5 hxg5
40. hxg5 Nxb4 41. g6 Nd5 42. g7 Ne7 43. Ke5 Kd7 44. a5 Ng8 45. Kd4 Kd6 46. Ke4
e5 47. Ke3 Kd5 48. Kd3 e4+ 49. Ke3 Ke5 50. Ke2 Kd4 51. Kd2 e3+ 52. Ke2 Ke4 53.
Ke1 Kd3 54. Kd1 e2+ 55. Ke1 Nf6 56. g8=Q Nxg8 57. Kf2 Kd2 58. Kf3 e1=Q 59. Kf4
Qe2 60. Kf5 Qe7 61. Kf4 Qe3+ 62. Kf5 Nf6 63. Kg6 Qf4 64. Kf7 Nd5+ 65. Ke6 Nc3
66. Kd7 Qa4+ 67. Kd6 Qxa5 68. Ke6 Qc5 69. Kf6 Qd5 70. Ke7 Qc6 71. Kf7 Qd6 72.
Kg7 Qe6 73. Kf8 Qd7 74. Kg8 Qe7 75. Kh8 Ne4 76. Kg8 Nf6+ 77. Kh8 Qh7# 0-1

[Event "British Columbia-ch w"]
[Site "Richmond CAN"]
[Date "2018.01.26"]
[Round "1.3"]
[White "Tian, Sherry"]
[Black "Gu, Stephanie"]
[Result "1-0"]
[WhiteElo "2046"]
[BlackElo "1423"]
[PlyCount "131"]
[EventDate "2018.01.26"]
[EventType "tourn"]
[EventRounds "6"]
[EventCountry "CAN"]

1. d4 Nf6 2. c4 g6 3. Nc3 Bg7 4. Nf3 O-O 5. Bg5 c5 6. d5 d6 7. e3 h6 8. Bh4 Qa5
9. Nd2 Nbd7 10. Be2 Ne5 11. O-O g5 12. Bg3 Bf5 13. e4 Bg6 14. f4 gxf4 15. Bxf4
Kh7 16. Bxe5 dxe5 17. Qc2 Qb6 18. Nf3 Nd7 19. Nh4 Rg8 20. Kh1 Raf8 21. Nd1 Kh8
22. Bg4 Nf6 23. Bf5 Bh7 24. Qe2 Bxf5 25. Nxf5 Qc7 26. Rc1 Kh7 27. Rc3 Bh8 28.
Rh3 Rg6 29. Qd2 Bg7 30. Rh4 Rh8 31. Rf3 e6 32. d6 Qd7 33. Ne7 Rg4 34. Rxg4 Nxg4
35. Rxf7 Rf8 36. Rxf8 Bxf8 37. Qe2 Nf6 38. Qf3 Bxe7 39. dxe7 Qxe7 40. Nc3 Qg7
41. h3 Qg6 42. Kh2 Qg5 43. Nb5 a6 44. Nd6 b6 45. b3 Qf4+ 46. Qxf4 exf4 47. Kg1
Kg6 48. Kf2 e5 49. Kf3 h5 50. Nc8 Nd7 51. Ne7+ Kf6 52. Nd5+ Kg5 53. g3 fxg3 54.
Kxg3 h4+ 55. Kf3 b5 56. cxb5 axb5 57. a4 c4 58. bxc4 bxa4 59. Nb4 a3 60. Na2
Nc5 61. Ke3 Nb3 62. Nb4 Nc1 63. c5 a2 64. Nxa2 Nxa2 65. c6 Nb4 66. c7 1-0

[Event "British Columbia-ch w"]
[Site "Richmond CAN"]
[Date "2018.01.27"]
[Round "2.1"]
[White "Talyspaeva, Adel"]
[Black "Gu, Stephanie"]
[Result "1-0"]
[WhiteElo "1572"]
[BlackElo "1423"]
[PlyCount "105"]
[EventDate "2018.01.26"]
[EventType "tourn"]
[EventRounds "6"]
[EventCountry "CAN"]

1. d4 Nf6 2. Nf3 g6 3. c4 Bg7 4. Nc3 O-O 5. e4 d6 6. Be2 e5 7. O-O Nc6 8. d5
Ne7 9. Ne1 Nd7 10. Be3 f5 11. f3 Nf6 12. c5 f4 13. Bf2 g5 14. Rc1 Ng6 15. cxd6
cxd6 16. Nb5 Rf7 17. Nxa7 Bf8 18. Nxc8 Rxc8 19. Nd3 h5 20. Qd2 g4 21. Rxc8 Qxc8
22. Rc1 Qd7 23. Bb6 Ne8 24. Ne1 Rg7 25. Qc2 Nh4 26. Qc8 gxf3 27. Qxd7 Rxd7 28.
Nxf3 Nxf3+ 29. Bxf3 Nf6 30. Rc7 Rxc7 31. Bxc7 Be7 32. b4 Kf8 33. a4 Ke8 34. Bb6
Bd8 35. Bf2 Ng4 36. h3 Nxf2 37. Bxh5+ Kd7 38. Kxf2 Bh4+ 39. Kf3 Kc7 40. Kg4 Bd8
41. b5 Kb6 42. Kf5 Kc5 43. Bf3 b6 44. Kg4 Kb4 45. Bd1 Kc5 46. h4 Bxh4 47. Kxh4
Kd4 48. Bf3 Kc5 49. Kg4 Kb4 50. Bd1 Kc4 51. Kf5 Kd4 52. Bf3 Kc4 53. Ke6 1-0

[Event "British Columbia-ch w"]
[Site "Richmond CAN"]
[Date "2018.01.27"]
[Round "2.2"]
[White "Van, Anna"]
[Black "Tian, Sherry"]
[Result "0-1"]
[WhiteElo "1648"]
[BlackElo "2046"]
[PlyCount "96"]
[EventDate "2018.01.26"]
[EventType "tourn"]
[EventRounds "6"]
[EventCountry "CAN"]

1. e4 e6 2. d4 d5 3. Nd2 Nf6 4. e5 Nfd7 5. Bd3 c5 6. c3 Nc6 7. Ngf3 Qb6 8. O-O
Be7 9. Qe2 cxd4 10. cxd4 Nxd4 11. Nxd4 Qxd4 12. Nf3 Qb6 13. Be3 Bc5 14. Bxc5
Nxc5 15. Bb5+ Bd7 16. Nd4 a6 17. Bxd7+ Nxd7 18. Nf3 Rc8 19. Rac1 O-O 20. Rc2
Rc7 21. Qd3 h6 22. Rfc1 Rfc8 23. Qe2 Rxc2 24. Rxc2 Rc5 25. a3 Qb3 26. Rxc5 Nxc5
27. Ne1 b5 28. f4 Qc4 29. Qxc4 bxc4 30. Kf2 Na4 31. Ke3 Nxb2 32. Kd4 Kf8 33.
Kc3 Nd3 34. Nxd3 cxd3 35. Kxd3 Ke7 36. Kd4 Kd7 37. Kc5 Kc7 38. a4 Kd7 39. a5
Kc7 40. g4 g6 41. h4 h5 42. g5 Kd7 43. Kb6 d4 44. Kxa6 Kc7 45. Ka7 d3 46. a6 d2
47. Ka8 d1=Q 48. a7 Qd8# 0-1

[Event "British Columbia-ch w"]
[Site "Richmond CAN"]
[Date "2018.01.27"]
[Round "2.3"]
[White "Nyamdorj, Uranchimeg"]
[Black "Jiang, Kate"]
[Result "1-0"]
[WhiteElo "1912"]
[BlackElo "1304"]
[PlyCount "137"]
[EventDate "2018.01.26"]
[EventType "tourn"]
[EventRounds "6"]
[EventCountry "CAN"]

1. e4 e5 2. Nf3 Nc6 3. Bb5 a6 4. Ba4 Nf6 5. O-O Be7 6. Re1 b5 7. Bb3 O-O 8. d3
d6 9. c3 Bb7 10. Nbd2 Re8 11. Nf1 Bf8 12. Bg5 h6 13. Bd2 d5 14. Ng3 Qd7 15. Qe2
Rad8 16. Rad1 g6 17. Nh4 Bg7 18. Qf3 Qd6 19. h3 Rd7 20. Be3 Kh8 21. exd5 Nxd5
22. Ne4 Qe7 23. Nc5 Nxe3 24. Qxe3 Rdd8 25. Nxb7 Rb8 26. Nc5 Qxh4 27. Bxf7 Rf8
28. Bxg6 Rg8 29. Bf7 Rgf8 30. Bd5 Ne7 31. Be4 Rbc8 32. Nxa6 Bf6 33. Bb7 Nf5 34.
Qe4 Nd6 35. Qxh4 Bxh4 36. Bxc8 Bxf2+ 37. Kh2 Bxe1 38. Rxe1 Rxc8 39. Rxe5 Kg7
40. Re7+ Kf6 41. Rxc7 Ra8 42. Rc6 Ke5 43. Nb4 Nf7 44. Rc5+ Kf4 45. Nd5+ Ke5 46.
Rxb5 Kd6 47. Nb4 Ne5 48. Rb6+ Kc5 49. Rxh6 Nf7 50. Rh5+ Kd6 51. d4 Re8 52. Rf5
Ke6 53. Rf2 Nd6 54. Re2+ Kf7 55. Rxe8 Nxe8 56. a4 Ke6 57. a5 Nc7 58. a6 Kf5 59.
g4+ Kg5 60. d5 Kf4 61. d6 Na8 62. d7 Ke3 63. d8=Q Kf2 64. Qf6+ Ke3 65. Qe5+ Kd2
66. Qd4+ Ke2 67. Kg2 Nb6 68. Qd3+ Ke1 69. Nc2# 1-0

[Event "British Columbia-ch w"]
[Site "Richmond CAN"]
[Date "2018.01.27"]
[Round "3.1"]
[White "Jiang, Kate"]
[Black "Talyspaeva, Adel"]
[Result "0-1"]
[WhiteElo "1304"]
[BlackElo "1572"]
[PlyCount "100"]
[EventDate "2018.01.26"]
[EventType "tourn"]
[EventRounds "6"]
[EventCountry "CAN"]

1. e4 c5 2. c3 Nc6 3. Nf3 d6 4. d4 cxd4 5. cxd4 Nf6 6. Nc3 g6 7. Bc4 Bg7 8. h3
O-O 9. O-O a6 10. Bf4 e6 11. Qd2 b5 12. Bb3 b4 13. Ne2 Nxe4 14. Qe3 d5 15. Bh6
Na5 16. Bxg7 Kxg7 17. Bc2 Nc4 18. Qc1 Ncd6 19. Nd2 Nxd2 20. Qxd2 a5 21. Bd3 Ba6
22. Rac1 Qb6 23. Bxa6 Qxa6 24. Nf4 Rac8 25. Nd3 Ne4 26. Qe3 Rxc1 27. Rxc1 Rc8
28. Rxc8 Qxc8 29. f3 Nf6 30. Nc5 Nd7 31. Nxd7 Qxd7 32. Qb3 Qc6 33. Kf2 Qc4 34.
Qxc4 dxc4 35. Ke3 Kf6 36. a3 c3 37. Kd3 cxb2 38. Kc2 bxa3 39. Kb1 Kf5 40. g3
Kf6 41. h4 Ke7 42. g4 h5 43. g5 Kd6 44. f4 Kd5 45. Ka2 Kxd4 46. Kb1 Ke4 47. f5
exf5 48. Ka2 f4 49. Kb1 f3 50. Ka2 f2 0-1

[Event "British Columbia-ch w"]
[Site "Richmond CAN"]
[Date "2018.01.27"]
[Round "3.2"]
[White "Tian, Sherry"]
[Black "Nyamdorj, Uranchimeg"]
[Result "1-0"]
[WhiteElo "2046"]
[BlackElo "1912"]
[PlyCount "131"]
[EventDate "2018.01.26"]
[EventType "tourn"]
[EventRounds "6"]
[EventCountry "CAN"]

1. d4 Nf6 2. c4 e6 3. Nf3 d5 4. Nc3 Be7 5. Bg5 Nbd7 6. e3 h6 7. Bh4 a6 8. cxd5
exd5 9. Bd3 c6 10. Qc2 O-O 11. O-O Re8 12. Rab1 Ne4 13. Bxe7 Qxe7 14. b4 Ng5
15. Be2 Nxf3+ 16. Bxf3 Nb6 17. Be2 Qg5 18. Qb3 Bh3 19. Bf3 Re6 20. Kh1 Bf5 21.
Rbc1 Nc4 22. Rfd1 Rd8 23. a4 Rg6 24. Ne2 Bg4 25. Bxg4 Qxg4 26. Nf4 Rf6 27. Kg1
h5 28. h3 Qf5 29. Qc2 g6 30. Qxf5 Rxf5 31. Nd3 Rf6 32. Nc5 b6 33. Nxa6 Nb2 34.
Rd2 Nxa4 35. Ra2 b5 36. Nc5 Nb6 37. Ra6 Nc4 38. Rca1 Kg7 39. Ra7 Rc8 40. R1a6
g5 41. g3 Nb2 42. Ra2 Nc4 43. Kg2 h4 44. g4 Rd6 45. Rb7 Rf6 46. Raa7 Nb2 47.
Ra2 Nc4 48. Nd3 Nd6 49. Rd7 Nc4 50. Raa7 Re8 51. Re7 Rxe7 52. Rxe7 Re6 53. Rc7
Kf8 54. Nc5 Rg6 55. Nd7+ Ke8 56. Nb8 Nb2 57. Rxc6 Rxc6 58. Nxc6 Nd3 59. Kf1 Kd7
60. Ne5+ Nxe5 61. dxe5 Ke6 62. f4 gxf4 63. exf4 d4 64. Ke2 f6 65. exf6 Kxf6 66.
Kd3 1-0

[Event "British Columbia-ch w"]
[Site "Richmond CAN"]
[Date "2018.01.27"]
[Round "3.3"]
[White "Gu, Stephanie"]
[Black "Van, Anna"]
[Result "1-0"]
[WhiteElo "1423"]
[BlackElo "1648"]
[PlyCount "209"]
[EventDate "2018.01.26"]
[EventType "tourn"]
[EventRounds "6"]
[EventCountry "CAN"]

1. e4 c5 2. Nc3 Nc6 3. g3 g6 4. Bg2 Bg7 5. d3 e6 6. Be3 d6 7. Qd2 Nge7 8. f4
O-O 9. Nf3 f5 10. O-O Qb6 11. Rab1 Bd7 12. Rfe1 Rac8 13. Bf2 Qc7 14. Rbd1 b6
15. Ng5 h6 16. Nf3 d5 17. exd5 exd5 18. d4 c4 19. Ne5 Nxe5 20. fxe5 Be6 21. Ne2
g5 22. Kh1 Ng6 23. Be3 Qf7 24. Rf1 Qb7 25. Rf2 Rf7 26. Rdf1 Rcf8 27. c3 b5 28.
a3 a5 29. Kg1 Kh7 30. Kh1 Rc8 31. Ng1 Rcf8 32. Nh3 Qd7 33. Ng1 Qe7 34. Ne2 Rb8
35. Bf3 Rbf8 36. Bh5 Qd8 37. Qc2 Bc8 38. g4 Qb6 39. gxf5 Bxf5 40. Rxf5 Qe6 41.
Rxf7 Rxf7 42. Rxf7 Qxf7 43. Bxg6+ Qxg6 44. Qxg6+ Kxg6 45. Kg2 Bf8 46. Kf3 b4
47. cxb4 axb4 48. a4 Be7 49. a5 Bd8 50. a6 Bb6 51. Bd2 b3 52. Ba5 Ba7 53. Nc3
Bxd4 54. Nb5 Bc5 55. a7 Bxa7 56. Nxa7 Kf5 57. Bc3 h5 58. Nb5 Ke6 59. h3 Kd7 60.
Kg3 Ke6 61. h4 g4 62. Kf4 Ke7 63. Nd4 Kf7 64. e6+ Ke7 65. Bb4+ Ke8 66. e7 Kf7
67. Ke5 g3 68. Nf3 g2 69. Kxd5 c3 70. Bxc3 Kxe7 71. Ke5 Kf7 72. Kf5 Kg8 73. Kg5
Kh7 74. Kxh5 Kg8 75. Kg6 Kf8 76. h5 Kg8 77. h6 Kf8 78. h7 Ke7 79. h8=Q Ke6 80.
Qe5+ Kd7 81. Nd4 g1=Q+ 82. Qg5 Qxg5+ 83. Kxg5 Kd6 84. Nxb3 Kd5 85. Na5 Kc5 86.
b4+ Kb5 87. Kf5 Ka6 88. Ke5 Kb6 89. Kd5 Kb5 90. Kd6 Kb6 91. Bd4+ Kb5 92. Bc5
Ka6 93. Nc4 Kb5 94. Na3+ Ka6 95. b5+ Kb7 96. b6 Ka8 97. Nb5 Kb7 98. Kd7 Ka8 99.
Nd6 Kb8 100. Kc6 Ka8 101. b7+ Kb8 102. Ba7+ Kxa7 103. Kc7 Ka6 104. b8=Q Ka5
105. Qb6+ 1-0

[Event "British Columbia-ch w"]
[Site "Richmond CAN"]
[Date "2018.01.28"]
[Round "4.1"]
[White "Talyspaeva, Adel"]
[Black "Van, Anna"]
[Result "1-0"]
[WhiteElo "1572"]
[BlackElo "1648"]
[PlyCount "141"]
[EventDate "2018.01.26"]
[EventType "tourn"]
[EventRounds "6"]
[EventCountry "CAN"]

1. d4 d5 2. c4 c6 3. Nc3 Nf6 4. Nf3 dxc4 5. a4 Bf5 6. e3 e6 7. Bxc4 Bb4 8. O-O
Nbd7 9. Bd3 Bxd3 10. Qxd3 O-O 11. Rd1 Rc8 12. e4 h6 13. Be3 Qc7 14. Rac1 Bxc3
15. Rxc3 Nb6 16. Qc2 Qe7 17. a5 Nbd7 18. d5 exd5 19. exd5 Qe4 20. dxc6 Rxc6 21.
Qxe4 Nxe4 22. Rxc6 bxc6 23. Rxd7 Rb8 24. Bd4 Rb3 25. Re7 c5 26. Rxe4 cxd4 27.
Nxd4 Rxb2 28. f3 Ra2 29. Re5 f6 30. Rc5 a6 31. Ne6 Kf7 32. Nc7 Ke7 33. Nxa6 Kd6
34. g3 g6 35. Rb5 g5 36. Rb6+ Ke5 37. Rb5+ Kd6 38. Nb8 Kc7 39. a6 h5 40. Rb7+
Kd6 41. a7 f5 42. Rb6+ Kc7 43. Ra6 Rxa6 44. Nxa6+ Kb7 45. Nc5+ Kxa7 46. Ne6 Kb6
47. Nxg5 Kc6 48. f4 Kd6 49. Kf2 Ke7 50. Ke3 Kd7 51. Kd4 Kd6 52. Nf7+ Ke6 53.
Ng5+ Kd6 54. Nf3 Ke6 55. Kc5 Ke7 56. Kd5 Kf6 57. Kd6 Kg6 58. Ke5 Kf7 59. Kxf5
Kg7 60. Kg5 Kf7 61. Ne5+ Kg7 62. h4 Kg8 63. Kxh5 Kh7 64. f5 Kg7 65. Kg5 Kg8 66.
Kg6 Kf8 67. h5 Kg8 68. h6 Kh8 69. f6 Kg8 70. h7+ Kf8 71. h8=Q# 1-0

[Event "British Columbia-ch w"]
[Site "Richmond CAN"]
[Date "2018.01.28"]
[Round "4.3"]
[White "Jiang, Kate"]
[Black "Tian, Sherry"]
[Result "1/2-1/2"]
[WhiteElo "1304"]
[BlackElo "2046"]
[PlyCount "141"]
[EventDate "2018.01.26"]
[EventType "tourn"]
[EventRounds "6"]
[EventCountry "CAN"]

1. e4 e6 2. d4 d5 3. Nc3 dxe4 4. Nxe4 Nd7 5. Nf3 Ngf6 6. Nxf6+ Nxf6 7. Bd3 c5
8. c3 cxd4 9. Bb5+ Bd7 10. Bxd7+ Qxd7 11. Qxd4 Qxd4 12. Nxd4 Bc5 13. Nf3 Ne4
14. O-O Rd8 15. Bf4 Ke7 16. Rae1 Nf6 17. Be3 Bxe3 18. Rxe3 Rd5 19. Nd4 Rhd8 20.
Rfe1 Nd7 21. f4 Kf6 22. g4 h6 23. R1e2 Nc5 24. h4 g6 25. Kf2 R8d7 26. Kf3 Na6
27. Re5 Nc7 28. Kg3 Na8 29. Rxd5 Rxd5 30. g5+ Kg7 31. Re5 hxg5 32. hxg5 Rxe5
33. fxe5 Nc7 34. c4 a6 35. a4 b6 36. b4 Kf8 37. Kf4 Ke7 38. Nc6+ Kd7 39. b5
axb5 40. axb5 Ne8 41. Nd4 Ng7 42. Kg3 Nh5+ 43. Kg4 Kc7 44. Nc6 Kd7 45. Nd4 Ng7
46. Kf3 Ne8 47. Nc6 Nc7 48. Ke4 Na8 49. Kf4 Nc7 50. Ke4 Ne8 51. Kf4 Ng7 52. Nd4
Ke7 53. Kg4 Nf5 54. Nxf5+ exf5+ 55. Kf3 Kd7 56. Ke3 Kc7 57. Kd4 Kb8 58. Ke3 Kc8
59. Kd4 Kd8 60. Ke3 Ke7 61. Kf3 Kd7 62. Ke3 Ke8 63. Kf3 Kd7 64. Ke3 Kc7 65. Kf3
Kb7 66. Ke3 Ka8 67. Kf3 Kb8 68. Ke3 Kc7 69. Kf3 Kd7 70. Ke3 Ke6 71. Kf4 1/2-1/2

[Event "British Columbia-ch w"]
[Site "Richmond CAN"]
[Date "2018.01.28"]
[Round "5.1"]
[White "Tian, Sherry"]
[Black "Talyspaeva, Adel"]
[Result "1-0"]
[WhiteElo "2046"]
[BlackElo "1572"]
[PlyCount "129"]
[EventDate "2018.01.26"]
[EventType "tourn"]
[EventRounds "6"]
[EventCountry "CAN"]

1. d4 Nf6 2. c4 e6 3. Nf3 Bb4+ 4. Bd2 Qe7 5. Nc3 O-O 6. e3 d6 7. Bd3 e5 8. dxe5
dxe5 9. Be2 Rd8 10. Qc2 Bg4 11. a3 Bd6 12. h3 Bh5 13. Nh4 Bxe2 14. Nf5 Qe6 15.
Nxe2 c5 16. b3 Nc6 17. O-O e4 18. Nfg3 Bxg3 19. Nxg3 Ne5 20. Bc3 Nd3 21. Rad1
Ne8 22. Rd2 Rd6 23. Rfd1 Rad8 24. Ne2 Qf5 25. Nc1 f6 26. Nxd3 exd3 27. Qb1 Qe4
28. Re1 Nc7 29. f3 Qg6 30. b4 cxb4 31. axb4 Qf7 32. c5 R6d7 33. Bd4 Nb5 34.
Qxd3 Nxd4 35. exd4 Rxd4 36. Qxd4 Rxd4 37. Rxd4 h6 38. Red1 Qb3 39. Kh1 Kh7 40.
R1d2 Qb1+ 41. Kh2 Qb3 42. Re2 Qc3 43. Red2 a6 44. R2d3 Qb2 45. Re4 f5 46. Red4
Qb1 47. Re3 Qb2 48. Rc4 Qd2 49. Rec3 Qe1 50. Rc1 Qe5+ 51. Kh1 Qb2 52. c6 bxc6
53. Rxc6 Qxb4 54. Rxa6 Qd2 55. Rac6 f4 56. Rg1 Qe3 57. Rc4 Qd2 58. Re4 Kh8 59.
Rge1 Kh7 60. Re7 Kh8 61. Ra1 Qc3 62. Raa7 Qd2 63. Rxg7 Qd4 64. Rge7 Qd5 65.
Re8+ 1-0